000 00345pab a2200145 454500
008 180718b1983 xxu||||| |||| 00| 0 eng d
100 _aBradley, David
245 _aStaff appraisal in the police service
260 _c1983
300 _a256-7
362 _aJuly-Sept.
650 _aPolice - U.K.
773 _aPolice Journal
909 _a15178
999 _c15178
_d15178